Global value chain management.
| Main Author: | |
|---|---|
| Other Authors: | , |
| Format: | Book |
| Published: |
Singapore:
Cengage Learning Asia,
2013.
|
| Subjects: |
| LEADER | 00568cam a2200205 7i4500 | ||
|---|---|---|---|
| 001 | 0000031426 | ||
| 005 | 20141124090000.0 | ||
| 020 | 0 | 0 | |a 9789814418939 |
| 090 | 0 | 0 | |a B 338.5024658 |b LEI |
| 100 | 1 | 0 | |a Lei, Hao |
| 245 | 1 | 0 | |a Global value chain management. |
| 260 | 0 | 0 | |a Singapore: |b Cengage Learning Asia, |c 2013. |
| 300 | # | # | |a 161 p. |
| 650 | 0 | 0 | |a Industrial management |
| 650 | 0 | 0 | |a Managerial economies |
| 650 | 0 | 0 | |a Workflow |
| 650 | 0 | 0 | |a Organizational chenge |
| 700 | 1 | 0 | |a Liu,Linqing |
| 700 | 1 | 0 | |a Tan, Liwen |
| 999 | |a B000034742 |b Book |c Book |e Business Information Centre | ||